MEDICAL GENETICS FOR DENTAL STUDENTS (Record no. 4511)

MARC details
000 -LEADER
fixed length control field 00335nam a2200145Ia 4500
008 - FIXED-LENGTH DATA ELEMENTS--GENERAL INFORMATION
fixed length control field 150201s2009 xx 000 0 und d
082 ## - DEWEY DECIMAL CLASSIFICATION NUMBER
Classification number 611
Item number M2009P
100 ## - MAIN ENTRY--PERSONAL NAME
Personal name PAL.GP
245 ## - TITLE STATEMENT
Title MEDICAL GENETICS FOR DENTAL STUDENTS
250 ## - EDITION STATEMENT
Edition statement 1ST
260 ## - PUBLICATION, DISTRIBUTION, ETC. (IMPRINT)
Name of publisher, distributor, etc. AITBS
Place of publication, distribution, etc. DELHI
Date of publication, distribution, etc. 2009
300 ## - PHYSICAL DESCRIPTION
Extent 1-140
650 ## - SUBJECT ADDED ENTRY--TOPICAL TERM
Topical term or geographic name as entry element ANATOMY
942 ## - ADDED ENTRY ELEMENTS (KOHA)
Source of classification or shelving scheme Dewey Decimal Classification
Koha item type Books
Holdings
Withdrawn status Lost status Source of classification or shelving scheme Damaged status Not for loan Home library Current library Date acquired Source of acquisition Cost, normal purchase price Serial Enumeration / chronology SGTU Bill Number Total Checkouts Full call number Barcode Date last seen Bill Date Koha item type
    Dewey Decimal Classification     SGT Dental Library SGT Dental Library 20/10/2010 U.B.S.DELHI 150.00 1 SGTU 620   611 M2009P FD6151 09/02/2015 30/03/2013 Books
    Dewey Decimal Classification     SGT Dental Library SGT Dental Library 20/10/2010 U.B.S.DELHI 150.00 1 SGTU 620   611 M2009P FD6152 01/08/2017 30/03/2013 Books
    Dewey Decimal Classification     SGT Dental Library SGT Dental Library 20/10/2010 U.B.S.DELHI 150.00 1 SGTU 620   611 M2009P FD6153 09/02/2015 30/03/2013 Books
    Dewey Decimal Classification     SGT Dental Library SGT Dental Library 20/10/2010 U.B.S.DELHI 150.00 1 SGTU 620   611 M2009P FD6154 23/06/2023 30/03/2013 Books
    Dewey Decimal Classification     SGT Dental Library SGT Dental Library 20/10/2010 U.B.S.DELHI 150.00 1 SGTU 620   611 M2009P FD6155 09/02/2015 30/03/2013 Books